Geospatial Technology For Natural Resource Management/ (Record no. 44237)
[ view plain ]
| 003 - CONTROL NUMBER IDENTIFIER | |
|---|---|
| control field | 0000 |
| 005 - DATE AND TIME OF LATEST TRANSACTION | |
| control field | 20260401121549.0 |
| 020 ## - INTERNATIONAL STANDARD BOOK NUMBER | |
| International Standard Book Number | 9781394166367 |
| 040 ## - CATALOGING SOURCE | |
| Description conventions | rda |
| 050 ## - LIBRARY OF CONGRESS CALL NUMBER | |
| Classification number | G70.217 .G46 2024 |
| 100 ## - MAIN ENTRY--PERSONAL NAME | |
| Relator code | Editor |
| Personal name | Kanga, Shruti |
| Fuller form of name | et al. |
| 245 ## - TITLE STATEMENT | |
| Title | Geospatial Technology For Natural Resource Management/ |
| Statement of responsibility, etc | Kanga, Shruti Et al. |
| 260 ## - PUBLICATION, DISTRIBUTION, ETC. (IMPRINT) | |
| Place of publication, distribution, etc | USA |
| Name of publisher, distributor, etc | Scrivener |
| Date of publication, distribution, etc | 2024 |
| 264 ## - PUBLICATION, DISTRIBUTION, ETC. (IMPRINT) | |
| Place of publication, distribution, etc | USA |
| Name of publisher, distributor, etc | Scrivener |
| Date of publication, distribution, etc | 2024 |
| 300 ## - PHYSICAL DESCRIPTION | |
| Extent | XXVI, 453PP. |
| Other physical details | ill.: |
| 336 ## - CONTENT TYPE | |
| Source | rdacontent |
| 338 ## - CARRIER TYPE | |
| Source | rdacarrier |
| 500 ## - GENERAL NOTE | |
| General note | Index and references |
| 942 ## - ADDED ENTRY ELEMENTS (KOHA) | |
| Source of classification or shelving scheme | Library of Congress Classification |
| Koha item type | Books |
| Withdrawn status | Lost status | Source of classification or shelving scheme | Damaged status | Not for loan | Permanent Location | Current Location | Date acquired | Total Checkouts | Full call number | Barcode | Date last seen | Price effective from | Koha item type |
|---|---|---|---|---|---|---|---|---|---|---|---|---|---|
| Library of Congress Classification | NILE UNIVERSITY OF NIGERIA - MAIN LIBRARY | NILE UNIVERSITY OF NIGERIA - MAIN LIBRARY | 04/01/2026 | G70.217 .G46 2024 | 0199652 | 04/01/2026 | 04/01/2026 | Books |